20 największych armii świata - Statystyki

Ogólne statystyki
  • Ten quiz został rozwiązany 331 razy
  • Średni wynik to 12 z 20
Statystyki odpowiedzi
Miejsce w
rankingu
Państwo % Poprawnych
3 Stany Zjednoczone
100%
1 Chiny
99%
5 Rosja
98%
2 Indie
89%
4 Korea Północna
78%
19 Japonia
77%
13 Brazylia
76%
8 Korea Południowa
75%
6 Pakistan
71%
7 Iran
68%
15 Turcja
63%
10 Egipt
61%
12 Indonezja
56%
20 Arabia Saudyjska
48%
9 Wietnam
42%
18 Afganistan
36%
14 Tajlandia
33%
16 Kolumbia
25%
11 Mjanma
19%
17 Sri Lanka
6%
Nie znaleziono quizów pasujących do podanych kryteriów
Rozkład punktacji
Procent ludzi z każdym wynikiem
Percentyl według liczby udzielonych odpowiedzi
Twoja historia wyników
Nie rozwiązałeś tego quizu